La historia - Statistiken

Allgemein
  • Dieses Quiz wurde 5 mal gespielt
  • Das Durchschnittsergebnis liegt bei 12 aus 72
Antwortstatistiken
Deutsch Español % Korrekt
in Lateinamerika lebende Person,Kind von Spaniern el/la criollo/a
100%
der/die Befreier/in El/la libertador/a
100%
in Lateinamerika lebende Person,Kind von Spaniern+Indigenen el/la mestizo/a
100%
entwickelt Desarrollado/a
67%
der Kalender El calendario
67%
das Gold El oro
67%
das Silber La plata
67%
mächtig Poderoso/a
67%
unterdrückt sein Ser oprimido/a
67%
jemanden ermorden Asesinar a alguien
33%
jnd.dominieren Dominar a alguien
33%
die Unzufriedenheit El descontento
33%
der neue Kontinent El nuevo continente
33%
die Ansiedlung, das Dorf El poblado
33%
Sprache der Inkas el quechua
33%
der Mensch El ser humano
33%
blühen Florecer
33%
das Abenteuer La aventura
33%
die Eroberung La conquista
33%
die Rassengleichheit La igualdad racial
33%
die Unabhängigkeit La independencia
33%
die Unsicherheit La inseguridad
33%
die Gewürze Las especias
33%
die liberalen Ideen Las ideas liberales
33%
Maya, Inkas, Azteken los mayas, los incas, los aztecas
33%
etwas erlangen Adquirir algo
0%
etwas/jemanden ausnutzen Aprovecharse de algo/alguien
0%
gewagt Aventurado
0%
etwas entdecken Descubrir algo
0%
etwas verachten, geringschätzen Despreciar algo
0%
etwas verbreiten difundir algo
0%
die Wolle El algodón
0%
der Vorfahre El Antepasado
0%
die Sehensucht nach Freiheit El Anthea de Libertad
0%
der Führer El caudillo
0%
das Paradies El Dorado
0%
der Kaiser/Herrscher El emperador
0%
der eigenständige Staat El Estado soberano
0%
die Luxusware El producto de lujo
0%
die Anerkennung El reconocimiento
0%
der handgewebte Stoff El tejido
0%
das kolonisierte Gebiet El territorio colonizado
0%
die Beleidigung El ultraje
0%
das Vizekönigreich El virreinato
0%
das Vorkommen El yacimiento
0%
sich bereichern Enriquecerse
0%
jemanden zwingen, etwas zu tun forzar a alguien de hacer algo
0%
etwas regieren Gobernar algo
0%
den Fokus auf etwas legen Hacer hincapié en algo
0%
etwas verhindern Impedir algo
0%
drn katholischen Glauben aufzwingen Impulsar la fé cristiana
0%
sich unabhängig machen Independizarse
0%
die Abschaffung der Sklaverei La abolición de la esclavitud
0%
die Rüstung La armadura
0%
die Festung La ciudad fortaleza
0%
die Ausdrhnung La expansión
0%
der persönliche Erfolg la fortuna personal
0%
die Aufklärung(Epoche) La ilustración
0%
die einheimische Sprache La lengua nativa
0%
der Bergbau La minería
0%
der Landbesitz La propiedad agrícula
0%
der Unabhängigkeitskrieg La que era anticolonial
0%
dir Saat La siembra
0%
der Aufstand La sublevación
0%
die präkolombischen Völker Los pueblos precolombinos
0%
die Sieger Los vencedores
0%
sich halten Mantenerse
0%
etwas behindern Obstaculizar
0%
Steuern zahlen Pagar impuestos
0%
die Eigenständigkeit verlieren Perder su soberanía
0%
weniger Wert sein als Ser inferior a
0%
etwas überwinden Superar algo
0%
Keine übereinstimmenden Quizze gefunden
Verteilung der Resultate
Anzahl Personen mit jedem Resultat
Perzentil nach korrekt beantworteten Fragen
Ihre Resultats-Entwicklung
Sie haben dieses Quiz noch nicht gespielt